000 01165cam a22001934a 4500
005 20250605164405.0
008 250528s ||||||||||||||||||||||||d
035 _a24800
040 _aGR-AtMCL
_bgre
_dGR-AtMCL
_eAACR2
245 1 _aEarly Childhood Care and Education / International Perspectives
260 _bRouledge,
_c2006
300 _a184
520 _aIntroducing International Perspectives on Early Childhood Care and Education, Childcare in the United States: Characteristics and Consequences, Policy and Research on Early Childcare and Education in Greece, Policy and Research on Preschool Care and Education in the UK, Children's and Parents' Needs and Early Education and Care in Italy, Policy and Research on Childcare in Sweden, Early Childhood Care and Education in Israel, Early Childhood Care and Education: An Indian Perspective, Development of Kindergarten Care and Education in the People's Republic of China since the 1990's, An International Overview of Early Childhood Care and Education, Index.
700 1 _aMelhuish Edward
_99544
700 1 _aPetrogiannis Konstantinos
_99545
942 _cBK
999 _c9646
_d9646